000
00320nam a22001217a 4500
003
OSt
005
20240402163148.0
008
240402b |||||||| |||| 00| 0 eng d
040
_c
Central Library MRSPTU
100
_a
Dr. Harshvardan
245
_a
Samya Ke Rett Par (समय की रेत पर)
942
_2
ddc
_c
BK
_n
0
999
_c
9939
_d
9939